00599nam a2200193Ia 4500008004100000040000600041041001200047082001200059082001100071100001900082245003600101245001900137260000800156260001300164260000900177300005500186501002500241650013900266141004s9999 xx 000 0 und d ca aEnglish a599.717 bBOT/CA aJ DU P Bothma aCarnivore Ecology in Arid lands cJ DU P Bothma aUSA bspringer c1998 a209p.  a5A4&5  aCarnivore Ecology, Family Canidae, Family Felidae, family Hyaenidae, Family Herpestidae, Families mustelidae and viverridae, synthesis